00684nam a2200181 a 4500003000200000005001700002008004100019050002600060100001900086245009000105260009000195300004000285504004100325650002200366650002800388650003900416650004700455020250219143420.0110621s19uu xx 00 eng d aPHS HQ 769b.M29 2011 aMallari, Ysah. aParental discipline styles and attitudes of teenagers towards dating /cYsah Mallari. aLas Piñas City, Philippines :bSouthville International School and Colleges,c2011. a32 pages :billustrations ;c28 cm. aIncludes bibliographical references. aParenting styles. aDiscipline of children. aParent and teenager relationships. aParental influence on adolescent behavior.